000 00561nam a2200217 a 4500
005 20140310183341.0
008 061128s19uu xx 00 eng d
020 _a0-07-125456-0
050 _aRC 454
_b.H693 2006
100 _aHoeksema, Susan N.
245 _aAbnormal Psychology /
_bSusan N. Hoeksema.
250 _a3rd ed.
260 _aBoston :
_bMc-Graw Hill,
_c2006.
300 _aSl-16 :
_bill .;
_c26 cm.
521 _aPSYCH
650 _aAbnormal Psychology.
942 _cBK
_2lcc
_kFOR
999 _c21802
_d21802